Indigene Völker Afrikas - Karten Quiz - Statistiken

Allgemein
  • Dieses Quiz wurde 27 mal gespielt
  • Das Durchschnittsergebnis liegt bei 4 aus 15
Antworten auf der Karte
Die Antworten werden auf der Karte rot bzw. grün angezeigt, abhängig davon wie oft sie richtig erraten wurden.
 
Antwortstatistiken
Antwort % Korrekt
Massai
94%
Nama
59%
Tuareg
59%
Himba
35%
Betsileo
29%
Langi
24%
Mbuti
24%
Nuer
12%
Schelha
12%
Baka
6%
Bangweulu Twa
6%
Batwa
6%
Kunama
6%
Hadza
0%
Kara
0%
Keine übereinstimmenden Quizze gefunden
Verteilung der Resultate
Anzahl Personen mit jedem Resultat
Perzentil nach korrekt beantworteten Fragen
Ihre Resultats-Entwicklung
Sie haben dieses Quiz noch nicht gespielt